/العلاج الروحي (Record no. 6650)
[ view plain ]
| 000 -الفاتح | |
|---|---|
| حقل البيانات ثابتة الطول | 00706nac a22001811u 4500 |
| 008 - عناصر البيانات ثابتة الطول - معلومات عامة | |
| حقل البيانات ثابتة الطول | 080827s1992 ua||||||r||| 000 0 ara d |
| 020 ## - الرقم الدولى المعيارى للكتب | |
| الرقم الدولى المعيارى للكتاب | 977533702x |
| 082 ## - رقم تصنيف ديوى العشرى | |
| رقم التصنيف | 147 |
| رقم المادة | ع د و |
| رقم الطبعة | 22 |
| 100 ## - المدخل الرئيسى - إسم شخصى | |
| الإسم الشخصى | العدوي ، محمد صادق |
| 9 (RLIN) | 21656 |
| 245 ## - بيان العنوان | |
| العنوان | /العلاج الروحي |
| بقية العنوان | محمد صادق العدوي |
| 260 ## - PUBLICATION, DISTRIBUTION, ETC. (IMPRINT) | |
| مكان الناشر او الموزع | الاسكندرية : |
| اسم الناشر او الموزع | دار صادق ،1992 |
| تاريخ النشر أو التوزيع | 1992. |
| 300 ## - الوصف المادى | |
| التعداد | 58 ص؛ |
| أبعاد الوعاء | 24 سم |
| 500 ## - تبصرة عامة | |
| تبصرة عامة | العنوان على الغلاف: العلاج الروحى بين العلم والتطبيق |
| 504 ## - تبصرة ببليوجرافية | |
| تبصرة ببليوجرافية,الخ | ببليوجرافية: ص 57-58 |
| 511 ## - | |
| -- | Catalogued by: Sara |
| 541 ## - تبصرة المصدر المباشر للتزويد | |
| مصدر التزويد | مكتبة الإسكندرية; |
| طريقة التزويد | اهداء; |
| 942 ## - عناصر المدخل الإضافي( كوها) | |
| Koha [default] item type | Book - Borrowing |
| سابقة رقم الطلب | 147ع د و |
| مصدر التصنيف او مخطط الترفيف | Dewey Decimal Classification |
| حالة التراجع | حالة الفقد | مصدر التصنيف او خطة الترفيف | حالة تلف | ليس للاعارة | مجموعات كوها | المكان الدائم | المكان الحالي | موقع الترفيف | تاريخ الاكتساب | Source of acquisition | رقم الاستدعاء | الباركود | Date last seen | نوع الوعاء | تبصرة عامة | مُعار |
|---|---|---|---|---|---|---|---|---|---|---|---|---|---|---|---|---|
| Dewey Decimal Classification | Central Library | Central Library | Lower Floor | 28/11/2007 | Donation | 147 ع د و | 000008118 | 15/07/2025 | Book - Borrowing | ج2 | ||||||
| Dewey Decimal Classification | Alef-Baa | Central Library | Central Library | Lower Floor | 28/11/2007 | 147 ع د و | 000008119 | 15/07/2025 | Book - Borrowing | 25/11/2009 | ||||||
| Dewey Decimal Classification | Central Library | Central Library | Lower Floor | 08/03/2011 | 147 ع د و | 000008120 | 15/07/2025 | Book - Borrowing | 27/02/2022 |